000 00679nam a2200229Ii 4500
003 JO-AjNU
005 20240114102059.0
008 230605s9999||||xx |||||||||||||| ||und||
017 _a2010/11/4114
040 _aJO-AjNU
_bara
_erda
_cJO-AjNU
041 _aara
050 1 4 _aDS154.9 2010
100 3 _aشديد، مازن ,
_eauthor
_961124
245 0 0 _aالزرقاء في عيون المبدعين
264 3 1 _aعمان: وزارة الثقافة، 2010
300 _a167ص
336 _atext
_btxt
_2rdacontent
337 _aunmediated
_bn
_2rdamedia
338 _avolume
_bnc
_2rdacarrier
650 4 _aالزرقاء-الاردن- تاريخ
_961125
942 _2lcc
_cBK
999 _c31177
_d31177